000 01423nam a2200349 a 4500
001 ebr10574644
003 CaPaEBR
006 m u
007 cr cn|||||||||
008 101228s2010 za abc sb 001 0 eng d
010 _z 2010306951
020 _z9789982240529 (pbk.)
020 _z9982240528 (pbk.)
020 _z9789982240604 (e-book)
040 _aCaPaEBR
_cCaPaEBR
035 _a(OCoLC)801820275
043 _af-za---
050 1 4 _aDT963.42
_b.M3 2010eb
082 0 4 _a968.9401
_222
100 1 _aBull, Mutumba Mainga.
245 1 0 _aBulozi under the Luyana kings
_h[electronic resource] :
_bpolitical evolution and state formation in pre-colonial Zambia /
_cby Mutumba Mainga.
260 _a[Lusaka] :
_bBookworld Publishers,
_c2010.
300 _axvii, 264 p. :
_bill., maps, ports.
500 _aBased on the author's thesis: London, 1969.
504 _aIncludes bibliographical references and index.
533 _aElectronic reproduction.
_bPalo Alto, Calif. :
_cebrary,
_d2011.
_nAvailable via World Wide Web.
_nAccess may be limited to ebrary affiliated libraries.
650 0 _aLozi (African people)
_xKings and rulers.
651 0 _aWestern Province (Zambia)
_xKings and rulers.
655 7 _aElectronic books.
_2local
710 2 _aebrary, Inc.
856 4 0 _uhttp://site.ebrary.com/lib/rucke/Doc?id=10574644
_zAn electronic book accessible through the World Wide Web; click to view
999 _c182733
_d182733